000 00751nam a2200229Ii 4500
003 JO-AjNU
008 230605s9999||||xx |||||||||||||| ||und||
017 _a2014/1/42
020 _a978-9957-83-401-2
040 _aJO-AjNU
_bara
_erda
_cJO-AjNU
041 _aara
050 1 4 _aTA590 2014
100 3 _aالنسور، شريف حسين,
_eauthor
_951399
245 0 0 _aالمساحة الجوية التصويرية
250 _aط1 العربية
264 3 1 _aعمان:مكتبة المجتمع العربي للنشر، 2014
300 _a189ص
336 _atext
_btxt
_2rdacontent
337 _aunmediated
_bn
_2rdamedia
338 _avolume
_bnc
_2rdacarrier
650 4 _aالتصوير المساحي الجوي، القياس
_951400
999 _aA22700
_c26268
_d26268